Представление документа в формате RUSMARC

ПолеНазваниеЗначение
  Тип записи a
  Библиографический уровень m
001 Контрольный номер RU/УГОНБ/EK/33472
005 Дата корректировки 20260413094614.7
010 Индекс ISBN __
a ISBN 5-07-000793-9
d Цена 15 к.
9 Тираж 155903 экз.
100 Данные общей обработки __
a Данные общей обработки 20260413d1990 u u0rusy0189 ca
101 Язык документа 0_
a Язык текста rus
102 Страна публикации __
a Страна публикации RU
105 Кодированные данные (монография) __
a Кодированные данные (монография) a z 000yy
200 Заглавие и сведения об ответственности 1_
a Заглавие Возраст вопросов
f Первые сведения об ответственности Н. Б. Шумакова
203 Вид содержания и тип средства __
a Вид содержания Текст
b Характеристика содержания визуальный
c Тип средства непосредственный
210 Выходные данные 1_
a Место издания Москва
c Издательство Знание
d Дата издания 1990
215 Физическое описание __
a Объем 78, [1] с.
c Иллюстрации/тип воспроизводства ил.
d Формат 17 см
225 Серия 1_
a Серия Новое в жизни, науке, технике
i Наименование части Педагогика и психология
v Обозначение тома № 10
606 Тематические рубрики 0_
a Основная рубрика Дети дошкольного возраста
x Основная подрубрика Познавательные интересы
x Основная подрубрика Психологические исследования
606 Тематические рубрики 0_
a Основная рубрика Школьники
x Основная подрубрика Познавательные интересы
x Основная подрубрика Психологические исследования
610 Ключевые слова 0_
a Ключевые слова познавательные интересы; школьники психология; психология школьников; дошкольники интеллектуальное развитие; интеллектуальное развитие дошкольников; интеллектуальное развитие школьников; познавательные интересы дошкольников; познавательные интересы школьников; психологические исследования детей
675 Индекс УДК __
a Индекс УДК 372.015
686 Индексы других классификаций __
a Классификационный индекс 88.840.301
2 Код системы rubbk
700 Автор _1
a Фамилия Шумакова
b Имя (инициалы) Н. Б.
g Полное личное имя Наталья Борисовна
801 Источник записи _0
a Страна RU
b Организация Ульяновская ОНБ
c Дата составления 20260413
g Правила каталогизации RCR
801 Источник записи _1
a Страна RU
b Организация Ульяновская ОНБ
c Дата составления 20260413
g Правила каталогизации RCR
901 Тип документа __
t Тип документа m
909 Создатель записи __
a Создатель записи Горбункова
b Дата создания записи 20260413